000 00462 a2200169 4500
999 _c7056
_d7056
020 _a9780198746577
050 _aHB 171.5 LIP 2015
100 _a Lipsey, Richard G.,
245 _aEconomics/
_cRichard G Lipsey & Alec Crystal
250 _a13th ed.
264 _aOxford:
_bOxford University Press,
_c2015
300 _axiii;612p.
500 _aincludes index
650 _a Economics.
700 _aChrystal, K. Alec
942 _2lcc
_cBK
_e13th.
_h171.5
_iLIP
_kHB